000 00411nam a22001577a 4500
005 20180203114147.0
008 160426b xxu||||| |||| 00| 0 eng d
020 _a81-203-1724-6
041 _aeng
082 _b00191
_a004.21
100 _aGarg, Vinod Kumar and srinivasan , s.
_94059
245 _aWorkbook on Systems Analysis & Design
260 _aNew Delhi
_bPHI Pvt Ltd.
_c2002
300 _a250
942 _cBK
999 _c70
_d70